| 000 | 00560nam a22001937a 4500 | ||
|---|---|---|---|
| 003 | OSt | ||
| 005 | 20251001053410.0 | ||
| 008 | 251001b |||||||| |||| 00| 0 eng d | ||
| 020 | _a 060980639 | ||
| 040 |
_aDWCL-Main lib _cOC |
||
| 082 | _aCirc. 641.594 B634b 1997 | ||
| 100 | _aBlais, Denis | ||
| 245 |
_aBelgo cookbook/ _cDenis Blais |
||
| 260 |
_aNew York: _b Clarkson Potter Publisher, _c c1997. |
||
| 300 |
_a160 pages: _bcolor illustrations; _c 25 cm. |
||
| 504 | _aIncludes index | ||
| 650 | _a1. Belgo cookbook | ||
| 942 |
_2ddc _cBK-CIRC _kCirc. _n0 |
||
| 999 |
_c4607 _d4607 |
||